书目信息 |
| 题名: |
动画造型与民间美术
|
|
| 作者: | 栾伟丽 著 | |
| 分册: | ||
| 出版信息: | 北京 中国传媒大学出版社 2007 |
|
| 页数: | 183页 | |
| 开本: | 26cm | |
| 丛书名: | ||
| 单 册: | ||
| 中图分类: | J218.7 , J528 | |
| 科图分类: | ||
| 主题词: | 动画--造型设计 , 民间工艺--中国 , 动画 , 造型设计 , 民间工艺 | |
| 电子资源: | ||
| ISBN: | 978-7-81127-025-9 | |
| 000 | 00999nam0 2200289 450 | |
| 001 | 1253836157 | |
| 005 | 20121019145750.89 | |
| 010 | @a978-7-81127-025-9@dCNY46.00 | |
| 100 | @a20070327d2007 em y0chiy50 ea | |
| 101 | 0 | @achi |
| 102 | @aCN@b110000 | |
| 105 | @aa z 000yy | |
| 200 | 1 | @a动画造型与民间美术@Adong hua zao xing yu min jian mei shu@f栾伟丽著 |
| 210 | @a北京@c中国传媒大学出版社@d2007 | |
| 215 | @a183页@c彩图@d26cm | |
| 300 | @a21世纪高等院校动画专业系列教材 中国传媒大学“十五”“211”工程资助项目 | |
| 330 | @a本书共分八章,内容包括:动画的类型、动画造型特性、动画的色彩、中国动画造型、中国民间美术、中国民间美术的类型、中国民间美术对动画造型的影响、中国民族风格动画影片赏析等。 | |
| 606 | 0 | @a动画@x造型设计 |
| 606 | 0 | @a民间工艺@y中国 |
| 606 | 0 | @a动画 |
| 606 | 0 | @a造型设计 |
| 606 | 0 | @a民间工艺 |
| 690 | @aJ218.7@v4 | |
| 690 | @aJ528@v4 | |
| 701 | 0 | @a栾伟丽@Aluan wei li@c(女,@f1961~)@4著 |
| 801 | 0 | @aCN@bNLC@c20101222 |
| 905 | @a10447@dJ218.7@eJY347 | |
| 动画造型与民间美术/栾伟丽著.-北京:中国传媒大学出版社,2007 |
| 183页:彩图;26cm |
| 21世纪高等院校动画专业系列教材 中国传媒大学“十五”“211”工程资助项目 |
| ISBN 978-7-81127-025-9:CNY46.00 |
| 本书共分八章,内容包括:动画的类型、动画造型特性、动画的色彩、中国动画造型、中国民间美术、中国民间美术的类型、中国民间美术对动画造型的影响、中国民族风格动画影片赏析等。 |
| ● |
| 相关链接 |
|
|
|
|
正题名:动画造型与民间美术
索取号:J218.7/JY347
 
预约/预借
| 序号 | 登录号 | 条形码 | 馆藏地/架位号 | 状态 | 备注 |
| 1 | 7833280 | 278332804 | 学院路分馆/ [索取号:J218.7/JY347] | 在馆 | |
| 2 | 7833301 | 278333019 | 学院路分馆/ [索取号:J218.7/JY347] | 在馆 |